Регионална библиотека "Любен Каравелов" - Русе

Хегемония или оцеляване (Запис номер 106836)

MARC детайли
000 -Лидер
Контролно поле с фиксирана дължина 01723nam a2200397 c 4500
003 - Код на организацията, давaща контролен номер
Контролно поле BLK
005 - Дата и час на последна редакция
Контролно поле 20190208112351.0
008 - Елементи от данни с фиксирана дължина
fixed length control field 180409b bul|||||r ||||||| ||bul||
010 ## - Наследен системен номер
LC control number KNG00112102000
020 ## - Международен стандартен номер на книга ISBN
Международен стандартен номер на книга ISBN 954-585-522-3
-- издат.: Бард
040 ## - Източник на каталожния запис
Идентификатор на билиотеката - собственик на записа BLK
041 ## - Код за език
Код за езика на текст/звукозапис или на отделно заглавие Български
Код за езика КДБФ Български
080 ## - УДК
Текстов определител УДК Империализъм. Империалистическа политика. Вж и 325.3
УДК код - определител по УДК 327.2
УДК определител (73)
УДК - код + определител 327.2(73)
100 1# - Редна дума - Автор
Автор Чомски, Ноам
Авторска отговорност първи автор
Автор - информация (биография) Чомски, Аврам Ноам
R(LIN) 256569
139 ## - Редно поле
Редна дума Чомски, Аврам Ноам
Авторски знак Чом - Ч 91
245 10 - Сведения за заглавието
Заглавие Хегемония или оцеляване
Подзаглавни данни Амер. стремеж към глобално господство
Редно поле (дума) * Аврам Ноам Чомски; Ноам Чомски; прев. от англ. Камен Костов.
257 ## - Страна на издаване
Страна на създаване/издаване Съединени американски щати
260 ## - Област на издателските данни
-- София
Име на издателя, разпространителя и проч. Бард
Година на издаване 2004
300 ## - Физическа характеристика
Страници 320 с.
Размери/Мащаб 20 см
380 ## - Жанр
Жанр Обществени науки
500 ## - Общи забележки
Забележка Ориг. загл. Hegemony or Survival / Noam Chomsky. - Пълното име на авт. е Аврам Ноам Чомски.
650 #4 - Допълнително описание по предмет – тема
Основно описание – тема или топоним Империализъм, североамерикански
9 (RLIN) 282989
650 #4 - Допълнително описание по предмет – тема
Основно описание – тема или топоним САЩ - обществено устройство и обществени отношения
9 (RLIN) 254630
651 #4 - Допълнително описание по предмет - топоним
Географско понятие САЩ
9 (RLIN) 179493
653 ## - Ключова дума – ненормативна
Ключова дума САЩ
653 ## - Ключова дума – ненормативна
Ключова дума външна политика
653 ## - Ключова дума – ненормативна
Ключова дума глобализация
653 ## - Ключова дума – ненормативна
Ключова дума империализъм
700 1# - Други автори (авторска отговорност)
Лично име Чомски, Аврам Ноам
Автороска отговорност (Описва отношението между автора и произведението) *
9 (RLIN) 366765
700 1# - Други автори (авторска отговорност)
Лично име Костов, Камен
Автороска отговорност (Описва отношението между автора и произведението) прев. от англ.
9 (RLIN) 368020
852 ## - Местоположение
Форматна сигнатура Цб 218848
856 4# - Електронен адрес и достъп
Електронен формат pdf - файл
Път до файла /url/
856 4# - Електронен адрес и достъп
Електронен формат pdf - файл
Път до файла /url/
942 ## - АРТИКУЛИ
Вид на библиотечния материал Книги
Скрит в OPAC Не
Koha issues (borrowed), all copies 3
944 ## - СЪЗДАВАНЕ И РЕДАКЦИЯ на ЗАПИСА
Създаване/Редакция Създаване
Дата на регистрацията/редакция 06.04.2004
Служител, извършил регистрацията/редакцията Людмила_Стоянова
944 ## - СЪЗДАВАНЕ И РЕДАКЦИЯ на ЗАПИСА
Създаване/Редакция Редакция
Дата на регистрацията/редакция 12.02.2007
Служител, извършил регистрацията/редакцията
999 ## - СИСТЕМНИ КОНТРОЛНИ НОМЕРА
Koha biblionumber 106836
Koha biblioitemnumber 106836
Наличности
Код за отписване Код за изгубен артикул Код за повреда Коз за рестрикции Код за отдаване Артикулен № Име на библиотеката - собственик Име на библиотеката, в която се намира в момента Статус (Текущо местоположение) Дата на вписване в системата Местоположение - отдел Цена в лева Инвентарен номер Систематично азбучна сигнатура Баркод Номер на екземпляра Цена в евро Служебна бележка Служебен тип на артикула
  Не е изгубен Не е повреден без рестрикции заемане за дома 172496 Регионална библиотека "Любен Каравелов" Русе Регионална библиотека "Любен Каравелов" Русе Заемна - подръчен фонд 2004-04-06 Заемна - подръчен фонд 8.99 120000684301 П 327(7)/Ч 91 120000684301 1 4.60 Дост: Pk Вид: Ф N: 13 Дата: 06.04.2004 Дата инв: 02.02.2018 Бележки инв: П2018 Книги
  Не е изгубен Не е повреден без рестрикции ползва се в читалня 172497 Регионална библиотека "Любен Каравелов" Русе Регионална библиотека "Любен Каравелов" Русе Хранилище 2007-02-06 Хранилище 8.99 120000709328 Цб 218848 120000709328 2 4.60 Дост: Dp Вид: Д N: 12 Дата: 01.03.2006 Книги
Vip Innovations Ltd, Rousse, Bulgaria 2025